ნორმალური ფორმატი
MARC ფორმატი
ჩანაწერი Corporate Name
ჩანაწერთა რაოდენობა, რომელიც გამოყენებულია: 1
001 - CONTROL NUMBER
- control field: 12800
003 - CONTROL NUMBER IDENTIFIER
- control field: GE_BSU
005 - DATE AND TIME OF LATEST TRANSACTION
- control field: 20211103134429.0
008 - FIXED-LENGTH DATA ELEMENTS
- fixed length control field: 211103|| aca||aabn | a|a d
040 ## - CATALOGING SOURCE
- Original cataloging agency: GE_BSU
- Transcribing agency: GE_BSU
110 ## - HEADING--CORPORATE NAME
- Corporate name or jurisdiction name as entry element: გრ. რობაქიძის სახ. უნ-ტი, ფილოსოფიის ინ-ტის ქართ. და უცხოეთის ფილოს. ისტორიის განყ-ბა, შოთა რუსთაველის სახელმწ. უნ-ტი
670 ## - SOURCE DATA FOUND
- Source citation: Work cat.: (GE_BSU): სიცოცხლის ფილოსოფია : პრობლემები და პერსპექტივები :
